Herstory: (Record no. 213270)

MARC details
000 -LEADER
fixed length control field 00659nam a22001937a 4500
005 - DATE AND TIME OF LATEST TRANSACTION
control field 20250915152857.0
010 ## - LCCN (DPL NO)
LC control number EGN-146565
020 ## - INTERNATIONAL STANDARD BOOK NUMBER
Terms of availability 300.00
International Standard Book Number 9788197176364
035 ## - SYSTEM CONTROL NUMBER
System control number EN-130097
037 ## - SOURCE OF ACQUISITION
Source of stock number/acquisition DBAD
082 ## - DEWEY DECIMAL CLASSIFICATION NUMBER
Classification number 320.954
100 ## - MAIN ENTRY--PERSONAL NAME
Personal name Mahanta,Maini
245 ## - TITLE STATEMENT
Title Herstory:
Remainder of title Female Leader in Northeast Indian Politics/
Statement of responsibility, etc Maini Mahanta and Deepika Chhetri
260 ## - PUBLICATION, DISTRIBUTION, ETC. (IMPRINT)
Place of publication, distribution, etc Guwahati
Name of publisher, distributor, etc Purbanchal Prakash
Date of publication, distribution, etc 2025
270 ## - ADDRESS
Address H.No.-2, Sewjee Path , Dr. B.N. Saikia Road , Wireless
City Guwahati
Postal code 6
Electronic mail address purbanchal_prakash@yahoo.com
300 ## - PHYSICAL DESCRIPTION
Extent 116p.
Dimensions 23cm
700 ## - ADDED ENTRY--PERSONAL NAME
Personal name Deepika Chhetri
9 (RLIN) 84542
942 ## - ADDED ENTRY ELEMENTS (KOHA)
Source of classification or shelving scheme Dewey Decimal Classification
Item type English Books
Classification part 320.954
Call number suffix MHA
Holdings
Withdrawn status Lost status Not for loan Collection code Home library Current library Date acquired Source of acquisition Cost, normal purchase price Full call number Barcode Copy number Cost, replacement price Koha item type
      Non-fiction Mobile Library Mobile Library 03/09/2025 DBAD 300.00 320.954 MHA EN-130097 1 300.00 English Books

© Delhi Public Library
Hit Counter
free hit counter